01148nam a2200193Ia 4500001001100000003001000011008004100021040002500062041001300087100003000100245004000130250001100170260008500181300002700266500026200293501011400555520026200669650002300931L248-15592IT-CnALBA170116s9999||||xx |||||||||||||| ||und|| aIT-CnALBAcIT-CnALBA aITALIANO aMARCHETTI P. OTTAVIO, SJ. 0aI MIRACOLI DI GESÙ. MEDITAZIONI.  a1a ed. a MILANO BOLOGNAbANCORA EDITRICE c1950 [1° Ed.:1950 - Ed.Ling.Originale: 1950] a244 p. (prefazione: 5) aMIRACOLI DI GESÙ. TEMPESTA SEDATA. PESCA MIRACOLOSA. CANA. GUARIGIONI SUOCERA DI PIETRO. CAFARNAO. BETSAIDA. IDROPISIA. EMORRAGIE. LEBBROSI. CIECHI. CIECO NATO. SORDO MUTO. INDEMONIATI. OSSESSI. POSSESSI. EPILESSI. RESURREZIONI DAI MORTI. NAIM. LAZZARO. R aSocietà San Paolo EM - Piazza San Paolo, 14 - 12051 ALBA (CN) (non commercial uses only) ® Copyright 2017 aMIRACOLI DI GESÙ. TEMPESTA SEDATA. PESCA MIRACOLOSA. CANA. GUARIGIONI SUOCERA DI PIETRO. CAFARNAO. BETSAIDA. IDROPISIA. EMORRAGIE. LEBBROSI. CIECHI. CIECO NATO. SORDO MUTO. INDEMONIATI. OSSESSI. POSSESSI. EPILESSI. RESURREZIONI DAI MORTI. NAIM. LAZZARO. R aASCETICA E MISTICA